Porovnanie hypotekárnych úverov vo vybraných bankách na Slovensku bakalárska práca

Salvato in:
Dettagli Bibliografici
Autore principale: Jakúbeková, Monika
Ente Autore: Národohospodárska fakulta EU. Katedra bankovníctva a medzinárodných financií
Altri autori: Pilch, Ctibor, 1957-
Natura: Libro
Lingua:slovacco
Pubblicazione: Bratislava 2011
Tags: Aggiungi Tag
Nessun Tag, puoi essere il primo ad aggiungerne!!

MARC

LEADER 00000nbm a2200000 4500
001 0139564
005 20161109111629.0
041 0 |a slo 
044 |a SK 
245 1 0 |a Porovnanie hypotekárnych úverov vo vybraných bankách na Slovensku  |b bakalárska práca  |c Monika Jakúbeková ; školiteľ: Ctibor Pilch 
264 1 |a Bratislava  |c 2011 
300 |a 37 s. 
100 1 |a Jakúbeková, Monika 
700 1 |a Pilch, Ctibor, 1957- 
710 2 |a Národohospodárska fakulta EU. Katedra bankovníctva a medzinárodných financií